000 00469nam a2200169Ia 4500
008 210210b1996 xxu||||| |||| 00| 0 eng d
020 _a81 85386 16 1
082 _a658.83 BOYM
100 _aBOYD (Harper W) and others.
245 _aMarketing research: text and cases. Ed 7.
250 _a
260 _aDelhi.
_bAll India Traveller Book Seller,
_c1996
300 _axv,816
650 _aMarketing Research
690 _aMarketing Managemen
906 _a05231
999 _c100810
_d100810